书目信息 |
| 题名: |
世界未解之谜
|
|
| 作者: | 李冶威 主编 | |
| 分册: | ||
| 出版信息: | 北京 中国文史出版社 2004.01 |
|
| 页数: | 373页 | |
| 开本: | 29cm | |
| 丛书名: | ||
| 单 册: | ||
| 中图分类: | Z228 | |
| 科图分类: | ||
| 主题词: | 百科全书--中国 | |
| 电子资源: | ||
| ISBN: | 7-5034-1457-X | |
| 000 | 00564nam0 2200205 45 | |
| 001 | 0456249107 | |
| 005 | 2004051815372911 | |
| 010 | @a7-5034-1457-X@dCNY 29.80 | |
| 100 | @a20040518d2004 km y0chiy0120 ea | |
| 101 | 0 | @achi |
| 102 | @aCN@b110000 | |
| 200 | 1 | @a世界未解之谜@Ashi jie wei jie zhi mi@f李冶威主编@Fli ye wei zhu bian |
| 205 | @a图文版 | |
| 210 | @a北京@c中国文史出版社@d2004.01 | |
| 215 | @a373页@d29cm | |
| 606 | 0 | @a百科全书@x中国 |
| 690 | 1 | @aZ228@v4 |
| 701 | 0 | @a李冶威@Ali ye wei@4主编 |
| 801 | 0 | @aCN@bPFT@c20040518 |
| 905 | @a10447@dZ228@eL310 | |
| 世界未解之谜/李冶威主编.-图文版.-北京:中国文史出版社,2004.01 |
| 373页;29cm |
| ISBN 7-5034-1457-X:CNY 29.80 |
| ● |
| 相关链接 |
|
|
|
正题名:世界未解之谜
索取号:Z228/L310
 
预约/预借
| 序号 | 登录号 | 条形码 | 馆藏地/架位号 | 状态 | 备注 |
| 1 | 376063 | 203760634 | 自科库501/ [索取号:Z228/L310] | 在馆 | |
| 2 | 376064 | 203760643 | 社科二线422/422社科库 50排5列3层/ [索取号:Z228/L310] | 在馆 |